Multi-Select Country Flag Quiz #2 - Statistics

General Stats
  • This quiz has been taken 63 times
  • The average score is 30 of 54
Answer Stats
Question Tile Select % Correct
Select all the flags with countries over 100+ million population. (2023) Yes
83%
Select all the flags with countries over 100+ million population. (2023) Yes
83%
Select all the flags with countries over 100+ million population. (2023) No
74%
Select all the flags with countries over 100+ million population. (2023) No
74%
Select all the flags with countries over 100+ million population. (2023) Yes
74%
Select all the flags with countries over 100+ million population. (2023) No
69%
Select all the flags with countries over 100+ million population. (2023) No
66%
Select all the flags beginning with the letter U No
63%
Select all the flags beginning with the letter U No
63%
Select all the flags beginning with the letter U No
63%
Select all the flags beginning with the letter U No
63%
Select all the flags with countries over 100+ million population. (2023) No
60%
Select the flags that were colonized by the United Kingdom at some point in history. Yes
60%
Select all the flags in South America Yes
60%
Select all the flags in South America No
60%
Select all the flags in South America No
60%
Select all the flags in South America No
60%
Select all the flags beginning with the letter U No
60%
Select all the flags beginning with the letter U No
60%
Select the flags that were colonized by the United Kingdom at some point in history. Yes
57%
Select all the flags in South America No
57%
Select all the flags in South America Yes
57%
Select all the flags beginning with the letter U Yes
57%
Select all the country flags that are on islands No
57%
Select all the country flags that are on islands No
57%
Flags that end with an A No
57%
Flags that end with an A Yes
57%
Flags that end with an A No
57%
Flags that end with an A No
57%
Select all the flags in South America No
54%
Select all the flags in South America Yes
54%
Select all the flags in South America Yes
54%
Select all the flags beginning with the letter U Yes
54%
Select all the country flags that are on islands No
54%
Select all the country flags that are on islands No
54%
Flags that end with an A No
54%
Flags that end with an A No
54%
Select all the flags with countries over 100+ million population. (2023) No
51%
Select the flags that were colonized by the United Kingdom at some point in history. No
51%
Select all the flags beginning with the letter U Yes
51%
Select all the country flags that are on islands No
51%
Select all the country flags that are on islands Yes
49%
Flags that end with an A Yes
49%
Select the flags that were colonized by the United Kingdom at some point in history. No
46%
Select the flags that were colonized by the United Kingdom at some point in history. No
46%
Select the flags that were colonized by the United Kingdom at some point in history. No
46%
Select all the country flags that are on islands No
46%
Select all the country flags that are on islands Yes
46%
Flags that end with an A Yes
46%
Flags that end with an A Yes
46%
Select the flags that were colonized by the United Kingdom at some point in history. No
43%
Select all the country flags that are on islands No
43%
Select the flags that were colonized by the United Kingdom at some point in history. Yes
40%
Select the flags that were colonized by the United Kingdom at some point in history. No
34%
No matching quizzes found
Score Distribution
Percent of People with Each Score
Percentile by Number Answered
Your Score History
You have not taken this quiz